Rivers with Many Capitals - Statistics

General Stats
  • This quiz has been taken 165 times
    164 since last reset
  • The average score is 14 of 18
Answer Stats
River And the Capital % Correct
Cairo Nile
99%
Juba Nile
99%
Khartoum Nile
99%
Belgrade Danube
98%
Bratislava Danube
98%
Budapest Danube
98%
Vienna Danube
98%
Brazzaville Congo
91%
Kinshasa Congo
91%
Phnom Penh Mekong
86%
Vientiane Mekong
86%
Bamako Niger
82%
Niamey Niger
82%
Buenos Aires Rio de la Plata
57%
Montevideo Rio de la Plata
57%
Belgrade Sava
35%
Ljubljana Sava
35%
Zagreb Sava
35%
No matching quizzes found
Score Distribution
Percent of People with Each Score
Percentile by Number Answered
Your Score History
You have not taken this quiz since the last reset